| 000 | 00583nam a22001937a 4500 | ||
|---|---|---|---|
| 003 | OSt | ||
| 005 | 20160913132924.0 | ||
| 008 | 160913b xxu||||| |||| 00| 0 eng d | ||
| 020 | _a978369041279 | ||
| 040 | _cDDC. | ||
| 082 | _a384IBR 2008. | ||
| 100 |
_aIbrahim Selwan,k; _911033 |
||
| 245 |
_aHigh speed Optical Communication Systems. _bStudy of Multilevel Modulation Formats. |
||
| 260 |
_aGermany. _bVDM Verlag Dr.Muller. _c2008. |
||
| 300 |
_a97p; _bill; _c27cm. |
||
| 504 | _aincludes bibliography and index. | ||
| 650 |
_aCommunication systems. _911034 |
||
| 942 |
_2ddc _cO_SHELF |
||
| 999 |
_c5182 _d5182 |
||